000 00731nam a2200289Ia 4500
005 20260324124932.0
008 008 260324s9999 xx 000 0 eng d
020 _a9781315597492
037 _aEBOOK
040 _aCRL
040 _beng
040 _cCRL
041 _2eng
041 _aeng
084 _qCRL
100 _aRobin M. Wright; Aparecida Vilaça
_91176071
245 0 _aNative Christians
245 0 _bModes and Effects of Christianity among Indigenous Peoples of the Americas
260 _bTaylor and Francis
260 _c2009
365 _a
365 _b255
856 _uhttp://www.taylorfrancis.com/books/9781315597492
942 _cEBOOK
999 _c1770888
_d1770888